MARC details
| 000 -CABECERA |
| campo de control de longitud fija |
01813nam a22002417a 4500 |
| 003 - IDENTIFICADOR DEL NÚMERO DE CONTROL |
| campo de control |
DO-SdBNP |
| 005 - FECHA Y HORA DE LA ÚLTIMA TRANSACCIÓN |
| campo de control |
20210907160018.0 |
| 007 - CAMPO FIJO DE DESCRIPCIÓN FÍSICA--INFORMACIÓN GENERAL |
| campo de control de longitud fija |
ta |
| 008 - DATOS DE LONGITUD FIJA--INFORMACIÓN GENERAL |
| campo de control de longitud fija |
210907e2017 a|||| |||| 001 0 spa d |
| 040 ## - FUENTE DE LA CATALOGACIÓN |
| Centro catalogador/agencia de origen |
DO-SdBNP |
| Lengua de catalogación |
spa |
| Centro/agencia transcriptor |
BNPHU |
| 082 4# - NÚMERO DE LA CLASIFICACIÓN DECIMAL DEWEY |
| Número de edición |
22 |
| Número de clasificación |
373.011 |
| Número de documento/Ítem |
R426d |
| 110 ## - ENTRADA PRINCIPAL--NOMBRE DE ENTIDAD CORPORATIVA |
| 9 (RLIN) |
76280 |
| Nombre de entidad corporativa o nombre de jurisdicción como elemento de entrada |
República Dominicana. |
| Unidad subordinada |
Ministerio de Educación. Viceministerio de Servicios Técnicos y Pedagógicos. |
| Término indicativo de función/relación |
Proceso de revisión y actualización curricular / |
| 245 10 - MENCIÓN DE TÍTULO |
| Título |
Diseño curricular nivel secundario : |
| Resto del título |
modalidad académica segundo ciclo 4to, 5to y 6to versión preliminar para revisión y retroalimentación / |
| Mención de responsabilidad, etc. |
Ministerio de Educación |
| 260 ## - PUBLICACIÓN, DISTRIBUCIÓN, ETC. |
| Lugar de publicación, distribución, etc. |
Santo Domingo : |
| Nombre del editor, distribuidor, etc. |
MINERD, |
| Fecha de publicación, distribución, etc. |
2017. |
| 300 ## - DESCRIPCIÓN FÍSICA |
| Extensión |
617 p. : |
| Otras características físicas |
il.; |
| Dimensiones |
27 cm. |
| 500 ## - NOTA GENERAL |
| Nota general |
Incluye índice. |
| 505 ## - NOTA DE CONTENIDO CON FORMATO |
| Nota de contenido con formato |
Primera parte. |
| Título |
1. Nivel Secundario --<br/> |
| -- |
2. Componentes del diseño curricular--<br/> |
| -- |
3. Perfil de egreso -- |
| -- |
4Competencias fundamentales y niveles de dominio correspondientes a la educación secundaria -- |
| -- |
5. Estrategias para la articulación de las áreas de conocimiento -- |
| -- |
6. Perfil del y la docente del nivel secundario -- |
| -- |
7. Centro Educativo -- |
| -- |
8. La orientación educativa -- |
| 505 ## - NOTA DE CONTENIDO CON FORMATO |
| Nota de contenido con formato |
Segunda parte |
| Título |
Lengua Española 1er. 2do. 3er. grado -- |
| -- |
Lenguas Extranjeras( Inglés) 1er. 2do. 3er. grado -- |
| -- |
Lenguas Extranjeras( Francés) 1er. 2do. 3er. grado -- |
| -- |
Matemática 1er. 2do. 3er. grado -- |
| -- |
Ciencias Sociales 1er. 2do. 3er. grado -- |
| -- |
Ciencias de la Naturaleza 1er. 2do. 3er. grado -- |
| -- |
Educación Artística 1er. 2do. 3er. grado -- |
| -- |
Educación Artística 1er. 2do. 3er. grado -- |
| -- |
Educación Física 1er. 2do. 3er. grado -- |
| -- |
Formación Integral Humana y Religiosa 1er. 2do. 3er. grado -- |
| 590 ## - NOTA LOCAL (RLIN) |
| Nota local |
Inventariado, 2021 / SA |
| 650 #4 - PUNTO DE ACCESO ADICIONAL DE MATERIA--TÉRMINO DE MATERIA |
| 9 (RLIN) |
79439 |
| Término de materia o nombre geográfico como elemento de entrada |
Diseño curricular |
| Subdivisión geográfica |
República Dominicana |
| 910 ## - DATOS DE OPCIÓN DEL USUARIO (OCLC) |
| Datos de opción del usuario |
Saquino |
| 942 ## - ELEMENTOS DE PUNTO DE ACCESO ADICIONAL (KOHA) |
| Fuente del sistema de clasificación o colocación |
Dewey Decimal Classification |
| Tipo de ítem Koha |
Libro |